LEADER 01271nam a2200265 u 4500 001 000000105838 003 CaOOAMICUS 005 20070626160750.0 008 070626s2005 nyu u000 u eng u 020 $a0-521-67867-6 040 $aPUL$bita$dLDB 100 1 $aDembrski, William A.,$d1960-$0(OLS)http://pul/name/65007 245 14$aThe design inference :$beliminating chance through small probabilities /$cWilliam A. Dembski. 260 $aNew York :$bCambridge University Press,$c2005. 300 $axvii, 243 p. ;$c23 cm 490 1 $aCambridge studies in probability, induction and decision theory 504 $aBibliografia : p. 231-238. 650 14$aStatistica.$0(OLS)http://pul/subject/9181 830 0$aCambridge studies in probability, induction and decision theory.$0(OLS)http://pul/title/133228 850 $aPUL 852 $aPUL$W1$xSL Cons. Gen., Altre Classi 3$y75$m001. 4 DEMWI 1$j119673$qDDC 21$B118670$CPULBib$Z2$F118670 $H101557 $82 941 1 $a9 996 $6020$a0-521-67867-6$9(OLS)http://pul/number/135002 996 $6245$aThe design inference :$beliminating chance through small probabilities$9(OLS)http://pul/title/133226 996 $6260$aNew York :$bCambridge University Press$9(OLS)http://pul/publisher/74871 LEADER 01451nam a2200325 a 4500 001 000000172180 003 CaOOAMICUS 005 20190628152558.0 008 190628s2017 it u001 u ita r 020 $z978-88-452-4622-7* 032 $aLibriCat 040 $aPUL$bita 082 04$a791.43 100 1 $aMoscati, Massimo.$0(OLS)http://pul/name/110513 245 10$aBreve storia del cinema :$bguida al cinema mondiale dalle origini ai giorni nostri /$cMassimo Moscati. 260 $aMilano :$bBompiani,$cİ2017$aFirenze :$bGiunti 300 $a477 p.;$c20 cm. 490 1 $aI grandi tascabili Bompiani ;$v162 650 4$aCinema$xStoria.$0(OLS)http://pul/subject/16159 700 1 $aCadoppi, Alberto,$d1957-$0(OLS)http://pul/name/59414 830 2$aI grandi tascabili Bompiani ;$v162.$0(OLS)http://pul/title/213085 850 $aPUL 852 $aPUL$W1$xSL Cons. Gen., Altre Classi 3$y75$m791. 43 MOSMA 1$j196117$qDDC 21$B200869$CPULBib$Z2$F200869 $H132926 $82 941 1 $a9 996 $6020$z978-88-452-4622-7*$9(OLS)http://pul/number/166308 996 $6082$a791.43$9(OLS)http://pul/classification/531 996 $6245$aBreve storia del cinema :$bguida al cinema mondiale dalle origini ai giorni nostri $9(OLS)http://pul/title/213084 996 $6260$aMilano :$bBompiani$9(OLS)http://pul/publisher/48240 996 $6260$aFirenze :$bGiunti$9(OLS)http://pul/publisher/64498